Bleach Characters First Name - Statistics

General Stats
  • This quiz has been taken 1,141 times
    1,104 since last reset
  • The average score is 34 of 129
Answer Stats
Surname First Name % Correct
Kurosaki Ichigo
99%
Kuchiki Rukia
96%
Abarai Renji
93%
Inoue Orihime
91%
Ishida Uryuu
89%
Kuchiki Byakuya
88%
Zaraki Kenpachi
88%
Ichimaru Gin
85%
Sado Yasutora
85%
Hitsugaya Toshiro
83%
Aizen Sosuke
79%
Urahara Kisuke
78%
Fon Soi
75%
Matsumoto Rangiku
70%
Shihoin Yoruichi
67%
Madarame Ikkaku
63%
Jaegerjaquez Grimmjow
60%
Unohana Retsu
56%
Cifer Ulquiorra
54%
Kurosutchi Mayuri
53%
Kurosaki Isshin
52%
Kurosaki Karin
50%
Hirako Shinji
50%
Tu Odelschwank Nel
49%
Kyoraku Shunsui
48%
Hinamori Momo
47%
Kurosutchi Nemu
47%
Tousen Kaname
44%
Kurosaki Yuzu
44%
Starrk Coyote
42%
Ukitake Jushiro
42%
Ayasegawa Yumichika
42%
Kira Izuru
41%
Shiba Kaien
41%
Harribel Tier
39%
Kotetsu Isane
38%
Louisenbairn Barragan
35%
Komamura Sajin
35%
Hisagi Shuhei
35%
Ise Nanao
34%
Yamamoto Shigekuni
34%
Gilga Nnoitra
33%
Kusajishi Yachiru
32%
Yadomaru Lisa
31%
Aikawa Love
31%
Shiba Ganju
29%
Grantz Szayel
29%
Sarugaki Hiyori
28%
Muguruma Kensei
28%
Otoribashi Rose
25%
Sasakibe Chojiro
24%
Shiba Kukaku
24%
Kurosaki Masaki
24%
Nodt As
23%
Riyalgo Yammy
23%
Kuna Mashiro
22%
Arruruerie Aaroniero
21%
Arisawa Tatsuki
20%
Rureaux Zommari
20%
Ushoda Hachigan
19%
Asano Keigo
19%
Ishida Ryuken
19%
Iba Tetsuzaemon
19%
Ginjo Kugo
16%
Omaeda Marechiyo
16%
Basterbine Bambietta
14%
Kotetsu Kiyone
14%
Dokugamine Riruka
14%
Chuhlhourne Charlotte
13%
Sanderwicci Cirucci
12%
Lloyd Royd
11%
Tsumugiya Ururu
11%
Alessandro Del Socaccio Dordoni
10%
Vega Ggio
10%
Tristan Jackie
10%
Bach Juha
10%
Lloyd Loyd
10%
Hans Vorarlbena Yukio
10%
Hanakari Jinta
9%
Hikifune Kirio
9%
Gingerback Lilinette
9%
Antenor Luppi
9%
Kojima Mizuiro
9%
Guatiche Pesche
9%
Opie Quilge
8%
Kotsubaki Sentaro
8%
Tsukabishi Tessai
8%
Kuchiki Hisana
7%
Najahjoop NaNaNa
7%
Mergera Wonderweiss
7%
Redder Abirama
6%
Bilstin Dondochakka
6%
Kutsuzawa Giriko
6%
Grantz Ilfort
6%
Shishigawara Moe
6%
Koufang Shawlong
6%
Lindocruz Tesla
6%
Honsho Chizuru
5%
Sung-Sun Cyan
5%
Apacci Emilou
5%
Calius Findorr
5%
Mila Rose Franceska
5%
Yamada Hanatoru
5%
Tsukishima Shukuro
5%
Rinker Di Roy
4%
Mosqueda Gantenbainne
4%
Aivirrne Loly
4%
Domino Shaz
4%
Gabrielli Berenice
3%
Neng Pow Choe
3%
Berci Driscoll
3%
Azgiaro Ebern
3%
Unagiya Ikumi
3%
Mallia Menoly
3%
Kurumadani Zennosuke
3%
Leones Edorad
2%
Guizbatt Jerome
2%
Friegen Luders
2%
Asano Mizuho
2%
Grindina Nakeem
2%
Parduoc Nirgge
2%
Nimaiya Ouetsu
2%
Kirinji Tenjirou
2%
Zodd Demoura
1%
Chelute Rudbornn
1%
Kajomaru Hideotomo
0%
Wernarl Iceringer
0%
Yuki Rynosuke
0%
Shutara Senshumaru
0%
No matching quizzes found
Score Distribution
Percent of People with Each Score
Percentile by Number Answered
Your Score History
You have not taken this quiz since the last reset